Sistema de prueba para circuitos integrados
Zapisane w:
| 1. autor: | |
|---|---|
| Format: | Książka |
| Wydane: |
[San José, Costa Rica]
2009
|
| Hasła przedmiotowe: | |
| Etykiety: |
Dodaj etykietę
Nie ma etykietki, Dołącz pierwszą etykiete!
|
MARC
| LEADER | 00000nam a2200000Ia 4500 | ||
|---|---|---|---|
| 003 | 001456 | ||
| 005 | 20221231144045.0 | ||
| 008 | 140114s2009 cr a 000 ||s d | ||
| 040 | |c cru CEDI | ||
| 090 | |a TFG 5975 | ||
| 100 | |a Córdoba Bonilla, Carlos Roberto |9 3547 | ||
| 245 | |a Sistema de prueba para circuitos integrados | ||
| 260 | |c 2009 |b [San José, Costa Rica] | ||
| 300 | |a vii, 99 páginas; ilustraciones | ||
| 500 | |a De la página 46 se vuelve a la enumeración (41-46)-- Proyecto de graduación (bachillerato en ingniería eléctricas)--Universidad de Costa Rica. Facultad de Ingeniería. Escuela de Ingeniería Eléctrica, 2009 | ||
| 650 | |x CIRCUITOS INTEGRADOS |x MICROCONTROLADORES |x CIRCUITOS ELECTRONICOS |x MICROELECTRONICA |9 3546 | ||
| 942 | |c TFG | ||
| 999 | |c 16253 |d 16253 | ||
